| 000 | 00426nam a2200169 a 4500 | ||
|---|---|---|---|
| 001 | 3100 | ||
| 003 | CDMR | ||
| 005 | 20130321180039.0 | ||
| 008 | 130130s1986||||||||||||||||||||||||||||d | ||
| 020 | _a8476001436 | ||
| 040 |
_aCDMR _bcat _cCPC GIRONA |
||
| 100 | 1 |
_aTaufic, Camilo _92260 |
|
| 245 | 1 | 0 |
_aPeriodismo y lucha de clases _cCamilo Taufic |
| 250 | _a3a ed. | ||
| 260 |
_c1986 _bAkal _aTorrejón de Ardoz |
||
| 942 |
_cMON _2udc |
||
| 999 |
_c3100 _d3100 |
||